书目信息 |
| 题名: |
埃森曼建筑师事务所
|
|
| 作者: | ;王丽娜 译 ;Images出版集团 编著 | |
| 分册: | ||
| 出版信息: | 北京 中国建筑工业出版社 2005.01 |
|
| 页数: | 256页 | |
| 开本: | 30cm | |
| 丛书名: | 世界建筑大师优秀作品集锦 | |
| 单 册: | ||
| 中图分类: | TU206 | |
| 科图分类: | ||
| 主题词: | 建筑设计--jian zhu she ji--现代--英国--作品集 | |
| 电子资源: | ||
| ISBN: | 7-112-06695-6 | |
| 000 | 01038nam 2200265 450 | |
| 001 | 012007679484 | |
| 005 | 20070929094737.54 | |
| 010 | @a7-112-06695-6@b精装@dCNY218.00 | |
| 100 | @a20070726d2005 km y0chiy0120 ea | |
| 101 | 1 | @achi@ceng |
| 102 | @aCN@b110000 | |
| 105 | @aa z 000yy | |
| 200 | 1 | @a埃森曼建筑师事务所@Aai sen man jian zhu shi shi wu suo@f(澳) Images出版集团编著@F(ao)Images chu ban ji tuan bian zhu@g王丽娜译@Gwang li na yi |
| 210 | @a北京@c中国建筑工业出版社@d2005.01 | |
| 215 | @a256页@c图@d30cm | |
| 225 | 2 | @a世界建筑大师优秀作品集锦@Ashi jie jian zhu da shi you xiu zuo pin ji jin |
| 320 | @a有索引。 | |
| 330 | @a本书采用全彩图形式,介绍了墨川纪章的建筑设计作品,书中给出了详细的规划方案、平、立、剖面图、渲染图和全彩色照片。 | |
| 410 | 0 | @12001 @a世界建筑大师优秀作品集锦 |
| 606 | 0 | @a建筑设计@Ajian zhu she ji@z现代@y英国@j作品集 |
| 690 | @aTU206@v4 | |
| 702 | 0 | @a王丽娜@Awang li na@4译 |
| 711 | 02 | @aImages出版集团@AImages chu ban ji tuan@4编著 |
| 801 | 0 | @aCN@c20070929 |
| 905 | @dTU206@eW264 | |
| 埃森曼建筑师事务所/(澳) Images出版集团编著/王丽娜译.-北京:中国建筑工业出版社,2005.01 |
| 256页:图;30cm.-(世界建筑大师优秀作品集锦) |
| ISBN 7-112-06695-6(精装):CNY218.00 |
| 本书采用全彩图形式,介绍了墨川纪章的建筑设计作品,书中给出了详细的规划方案、平、立、剖面图、渲染图和全彩色照片。 |
| ● |
| 相关链接 |
|
|
|
正题名:埃森曼建筑师事务所
索取号:TU206/W264
 
预约/预借
| 序号 | 登录号 | 条形码 | 馆藏地/架位号 | 状态 | 备注 |
| 1 | 249469 | 202494693 | 建筑库101/101建筑库 100排3列1层/ [索取号:TU206/W264] | 在馆 |